Culture générale - numéro 18 - Statistiques

Statistiques générales
  • Ce quiz a été pris 197 fois
  • Le résultat moyen est 9 sur 15
Statistiques - réponses
Question Réponse % Correct
Qui a écrit Hamlet? Shakespeare
91%
Quel était le prénom de Churchill? Winston
88%
Quelle gare parisienne porte le nom de l'une des victoires de Napoléon? Austerlitz
76%
Comment s'appelle le résultat d'une multiplication? Produit
72%
Combien de cases composent un échiquier? 64
69%
Quel surnom est donné au drapeau du Royaume-Uni? Union Jack
69%
Quel grand géocoucou doit tenter d'échapper à Coyote? Bip-Bip
65%
Dans quel pays a été ouvert le premier fast-food Quick? Belgique
62%
Quel varan est le plus grand de son espèce, endémique d'Indonésie? Dragon de Komodo
62%
Quel type d'animal est un limier? Chien
58%
Quel nom portait Lyon à la période des Gaules? Lugdunum
56%
Quel pays a pour capitale Vientiane? Laos
49%
A quel calendrier appartiennent le Brumaire ou encore le Germinal? Républicain
31%
Quelle est la plus haute montagne d'Amérique du Sud? Aconcagua
19%
Quel est l'autre nom de la protéine de lactosérum, utilisée notamment dans le sport? Whey
17%
Aucun quiz correspondant
Distribution des résultats
% des personnes avec chaque résultat
Percentile par nombre de réponses
Votre historique - résultats
Vous n’avez pas pris ce quiz